| 000 | 00490nam a2200145 a 4500 | ||
|---|---|---|---|
| 001 | 000038855 | ||
| 005 | 20201002031409.0 | ||
| 008 | 130430s1987 dr 000 0 spa d | ||
| 040 |
_aDO-SdBNP _bspa _cBNPHU |
||
| 110 | 1 |
_aRepública Dominicana _bPresidencia de la República _917065 |
|
| 245 | 1 | 0 | _aPlan de reforma administrativa. |
| 260 |
_aSanto Domingo : _bOficina de Administración y Personal (ONAP), _c1987. |
||
| 300 |
_a64 p. ; _c29 cm. |
||
| 500 | _aIncluye notas al pie de las páginas | ||
| 999 |
_c38345 _d38345 |
||